ALL INDIA REPORTER 1965 [ V-52] GUJRAT SECTION (Record no. 7397)

MARC details
000 -LEADER
fixed length control field 00366nam a22001337a 4500
005 - DATE AND TIME OF LATEST TRANSACTION
control field 20200706095425.0
008 - FIXED-LENGTH DATA ELEMENTS--GENERAL INFORMATION
fixed length control field 200706b xxu||||| |||| 00| 0 eng d
082 ## - DEWEY DECIMAL CLASSIFICATION NUMBER
Classification number 345.4 AIR
110 ## - MAIN ENTRY--CORPORATE NAME
Corporate name or jurisdiction name as entry element ALL INDIA REPORTER
245 ## - TITLE STATEMENT
Title ALL INDIA REPORTER 1965 [ V-52] GUJRAT SECTION
260 ## - PUBLICATION, DISTRIBUTION, ETC. (IMPRINT)
Place of publication BOMBAY
Name of publisher ALL INDIA REPORTER Pvt.
Year of publication 1965
650 ## - SUBJECT ADDED ENTRY--TOPICAL TERM
Topical Term LAW
942 ## - ADDED ENTRY ELEMENTS (KOHA)
Koha item type Journals/Serial
Holdings
Lost status Damaged status Collection code Home library Current library Shelving location Date acquired Source of acquisition Full call number Accession Number Koha item type
    LAW JRU Library JRU Library SHELF-35-E 18/07/2020 PURCHASE 345.4 AIR 24400 Journals/Serial